|
|
|
|
| LEADER |
00811nta a2200205 i 4500 |
| 001 |
dipl144463 |
| 005 |
20250311132435.0 |
| 008 |
250311s2005 hu om 000 ger d |
| 040 |
|
|
|a SZTE Diploma Repozitórium
|b hun
|
| 041 |
|
|
|a ger
|
| 100 |
1 |
|
|a Ferencz Péter
|
| 245 |
1 |
4 |
|a Das Todesmotiv in Thomas Manns Werken
|h [elektronikus dokumentum] :
|b Der Tod in Venedig und Die Betrogene /
|c Péter Ferencz
|
| 260 |
|
|
|c 2005
|
| 650 |
|
4 |
|a Bölcsészettudományok
|
| 650 |
|
4 |
|a Humanities
|
| 650 |
|
4 |
|a Languages and Literature
|
| 650 |
|
4 |
|a General literature studies
|
| 700 |
0 |
1 |
|a Horváth Géza
|e ths
|
| 856 |
4 |
0 |
|u https://diploma.bibl.u-szeged.hu/id/eprint/144463/1/2005_ferencz_peter.pdf
|z Dokumentum-elérés
|
| 856 |
4 |
0 |
|u https://diploma.bibl.u-szeged.hu/id/eprint/144463/2/2005_ferencz_peter_biralat.pdf
|z Dokumentum-elérés
|